000 00310nam a22001337a 4500
008 171020b xxu||||| |||| 00| 0 eng d
020 _a1883249449
041 _aeng
080 _a338
100 _a54
101 _aMNG
245 _aSECONDARY MARKET AND PORTFOLIO MANAGEMENT
_cFABOZZI, F.J
942 _2udc
_cBK
999 _c35227
_d35227